Hombre y Dios. (Record no. 12513)

MARC details
000 -LEADER
campo de control de longitud fija 01034nam a2200265 i 4500
001 - NÚMERO DE CONTROL
campo de control 12513
003 - IDENTIFICADOR DE NÚMERO DE CONTROL
campo de control ES-MaACL
005 - FECHA Y HORA DE LA ÚLTIMA TRANSACCIÓN
campo de control 20250808062712.0
008 - DATOS DE LONGITUD FIJA--INFORMACIÓN GENERAL
campo de control de longitud fija 011212 1995 sp ||||0| spa j
020 ## - NÚMERO INTERNACIONAL ESTÁNDAR DEL LIBRO
Número Internacional Estándar del Libro 84-7914-163-8
080 ## - NÚMERO DE LA CLASIFICACIÓN DECIMAL UNIVERSAL
Número de la Clasificación Decimal Universal 860-141"19"(082.2)
245 00 - MENCIÓN DEL TÍTULO
Título Hombre y Dios.
Número de parte o sección de la obra I,
Nombre de parte o sección de la obra Cincuenta años de poesía española (1950-1995) /
Mención de responsabilidad, etc. [selección] por Mª Enriqueta Soriano P.-Villamil, Pilar Maicas García-Asenjo y Mª Dolores de Asís Garrote.
260 ## - PUBLICACIÓN, DISTRIBUCIÓN, ETC.
Lugar de publicación, distribución, etc. Madrid :
Nombre del editor, distribuidor, etc. Biblioteca de Autores Cristianos,
Fecha de publicación, distribución, etc. 1995.
300 ## - DESCRIPCIÓN FÍSICA
Extensión XXXI,448 p. ;
Dimensiones 20 cm.
490 1# - MENCIÓN DE SERIE
Mención de serie Biblioteca de autores cristianos ;
Designación de volumen o secuencia 547
504 ## - NOTA DE BIBLIOGRAFÍA, ETC.
Nota de bibliografía, etc. Bibliografía.
650 #4 - PUNTO DE ACCESO ADICIONAL DE MATERIA--TÉRMINO DE MATERIA
Término de materia o nombre geográfico como elemento de entrada Poesías religiosas españolas-
Subdivisión cronológica S.XX.
9 (RLIN) 16248
700 1# - ENTRADA AGREGADA--NOMBRE PERSONAL
Nombre de persona Soriano Pérez-Villamil, María Enriqueta.
9 (RLIN) 107399
700 1# - ENTRADA AGREGADA--NOMBRE PERSONAL
Nombre de persona Maicas, Pilar.
9 (RLIN) 75554
700 1# - ENTRADA AGREGADA--NOMBRE PERSONAL
Nombre de persona Asís Garrote, María Dolores de.
9 (RLIN) 23621
700 1# - ENTRADA AGREGADA--NOMBRE PERSONAL
Nombre de persona Lorente Medina, Antonio.
9 (RLIN) 74118
830 00 - PUNTO DE ACCESO ADICIONAL DE SERIE-TÍTULO UNIFORME
Título uniforme Biblioteca de autores cristianos
Designación de volumen o secuencia 547
9 (RLIN) 178679
852 ## - LOCALIZACIÓN
Ubicación ES-MaACL
Número de control de estantería J-534
Holdings
Estatus retirado Estado de pérdida Estado de daño No para préstamo Biblioteca de origen Biblioteca actual Ubicación en estantería Fecha de adquisición Fuente de adquisición Total de préstamos Signatura topográfica completa Código de barras Visto por última vez Precio de reemplazo Tipo de ítem Koha
        Biblioteca del Ateneo de Madrid Biblioteca del Ateneo de Madrid Depósito 2 17/01/2008     J-534 1012749 23/02/2023 23/02/2023 Libro impreso